<?xml version="1.0" encoding="UTF-8"?>
<record
    xmlns:xsi="http://www.w3.org/2001/XMLSchema-instance"
    xsi:schemaLocation="http://www.loc.gov/MARC21/slim http://www.loc.gov/standards/marcxml/schema/MARC21slim.xsd"
    xmlns="http://www.loc.gov/MARC21/slim">

  <leader>01405nam a2200217Ia 4500</leader>
  <controlfield tag="003">OSt</controlfield>
  <controlfield tag="005">20251115100654.0</controlfield>
  <controlfield tag="008">210210b2020   xxu||||| |||| 00| 0 eng d</controlfield>
  <datafield tag="020" ind1=" " ind2=" ">
    <subfield code="a">9789382348832</subfield>
  </datafield>
  <datafield tag="040" ind1=" " ind2=" ">
    <subfield code="c">AL</subfield>
  </datafield>
  <datafield tag="041" ind1=" " ind2=" ">
    <subfield code="a">Kannada</subfield>
  </datafield>
  <datafield tag="082" ind1=" " ind2=" ">
    <subfield code="a">K894.8 VIVK</subfield>
  </datafield>
  <datafield tag="100" ind1=" " ind2=" ">
    <subfield code="a">VIVEKA RAI (B A)</subfield>
    <subfield code="9">142722</subfield>
    <subfield code="d">&#xCB5;&#xCBF;&#xCB5;&#xCC7;&#xC95; &#xCB0;&#xCC8;</subfield>
  </datafield>
  <datafield tag="245" ind1=" " ind2=" ">
    <subfield code="a">Kalitaddu kalisiddu </subfield>
    <subfield code="b">&#xC95;&#xCB2;&#xCBF;&#xCA4;&#xCA6;&#xCCD;&#xCA6;&#xCC1; &#xC95;&#xCB2;&#xCBF;&#xCB8;&#xCBF;&#xCA6;&#xCCD;&#xCA6;&#xCC1;</subfield>
  </datafield>
  <datafield tag="260" ind1=" " ind2=" ">
    <subfield code="a">Bengaluru</subfield>
    <subfield code="b">Sawanna</subfield>
    <subfield code="c">2020</subfield>
  </datafield>
  <datafield tag="300" ind1=" " ind2=" ">
    <subfield code="a">152</subfield>
  </datafield>
  <datafield tag="520" ind1=" " ind2=" ">
    <subfield code="a">&#xCA4;&#xCC1;&#xCB3;&#xCC1; &#xCB5;&#xCBF;&#xCA6;&#xCCD;&#xCB5;&#xCBE;&#xC82;&#xCB8;&#xCB0;&#xCC1;, &#xC95;&#xCA8;&#xCCD;&#xCA8;&#xCA1; &#xCAA;&#xCCD;&#xCB0;&#xCBE;&#xCA7;&#xCCD;&#xCAF;&#xCBE;&#xCAA;&#xC95;&#xCB0;&#xCC1;, &#xCB5;&#xCBF;&#xCAE;&#xCB0;&#xCCD;&#xCB6;&#xC95;&#xCB0;&#xCC1; &#xC86;&#xCA6; &#xCA1;&#xCBE;.&#xCAC;&#xCBF;. &#xC8E;. &#xCB5;&#xCBF;&#xCB5;&#xCC7;&#xC95;&#xCCD; &#xCB0;&#xCC8; &#xC85;&#xCB5;&#xCB0;&#xCC1; &#xCAC;&#xCB0;&#xCC6;&#xCA6;&#xCBF;&#xCB0;&#xCC1;&#xCB5; &#xC88; &#xCAA;&#xCC1;&#xCB8;&#xCCD;&#xCA4;&#xC95;&#xCA6;&#xCB2;&#xCCD;&#xCB2;&#xCBF; &#x2018;&#xC95;&#xCB2;&#xCBF;&#xCB8;&#xCC1;&#xCB5;&#xCBF;&#xC95;&#xCC6; &#x2018; &#xC8E;&#xCA8;&#xCCD;&#xCA8;&#xCC1;&#xCB5;&#xCC1;&#xCA6;&#xCC1; &#x2018;&#xC95;&#xCB2;&#xCBF;&#xCAF;&#xCC1;&#xCB5;&#xCBF;&#xC95;&#xCC6; &#x2018; &#xC8E;&#xCA8;&#xCCD;&#xCA8;&#xCC1;&#xCB5;&#xCC1;&#xCA6;&#xCB0; &#xCAA;&#xCCD;&#xCB0;&#xCBE;&#xCAF;&#xCCB;&#xC97;&#xCBF;&#xC95; &#xCB0;&#xCC2;&#xCAA; &#xC85;&#xCA8;&#xCCD;&#xCA8;&#xCC1;&#xCB5; &#xCA7;&#xCCD;&#xCB5;&#xCA8;&#xCBF;&#xCAF;&#xCBF;&#xCA6;&#xCC6;. &#xC92;&#xCAC;&#xCCD;&#xCAC; &#xC95;&#xCB2;&#xCBF;&#xCB8;&#xCC1;&#xC97;&#xCB0;&#xCBE;&#xC97;&#xCBF; &#xC85;&#xCB5;&#xCB0;&#xCC1; &#xC95;&#xC82;&#xCA1;&#xCC1;&#xC95;&#xCCA;&#xC82;&#xCA1; &#xCA4;&#xCBF;&#xCB3;&#xCC1;&#xCB5;&#xCB3;&#xCBF;&#xC95;&#xCC6;&#xCAF; &#xC95;&#xCA5;&#xCA8; &#xC87;&#xCAA;&#xCCD;&#xCAA;&#xCA4;&#xCCD;&#xCA4;&#xCC1; &#xCAC;&#xCB0;&#xCB9;&#xC97;&#xCB3;&#xCB2;&#xCCD;&#xCB2;&#xCBF; &#xC87;&#xCB2;&#xCCD;&#xCB2;&#xCBF; &#xCAE;&#xCC2;&#xCA1;&#xCBF; &#xCAC;&#xC82;&#xCA6;&#xCBF;&#xCA6;&#xCC6;. &#xC87;&#xCB5;&#xCC1; &#xC89;&#xCA6;&#xCAF;&#xCB5;&#xCBE;&#xCA3;&#xCBF; &#xCAA;&#xCA4;&#xCCD;&#xCB0;&#xCBF;&#xC95;&#xCC6;&#xCAF;&#xCB2;&#xCCD;&#xCB2;&#xCBF; &#xC85;&#xCB5;&#xCB0;&#xCC1; &#xCAC;&#xCB0;&#xCC6;&#xCA6; &#xCAC;&#xCB0;&#xCB9;&#xC97;&#xCB3;&#xCC2; &#xC86;&#xC97;&#xCBF;&#xCB5;&#xCC6;.</subfield>
  </datafield>
  <datafield tag="690" ind1=" " ind2=" ">
    <subfield code="a">Kannada Miscellaneous</subfield>
    <subfield code="9">142727</subfield>
  </datafield>
  <datafield tag="906" ind1=" " ind2=" ">
    <subfield code="a">073973</subfield>
  </datafield>
  <datafield tag="942" ind1=" " ind2=" ">
    <subfield code="2">ddc</subfield>
    <subfield code="c">BK</subfield>
  </datafield>
  <datafield tag="999" ind1=" " ind2=" ">
    <subfield code="c">123733</subfield>
    <subfield code="d">123733</subfield>
  </datafield>
  <datafield tag="952" ind1=" " ind2=" ">
    <subfield code="0">0</subfield>
    <subfield code="1">0</subfield>
    <subfield code="2">ddc</subfield>
    <subfield code="4">0</subfield>
    <subfield code="7">0</subfield>
    <subfield code="8">KAN</subfield>
    <subfield code="a">AL</subfield>
    <subfield code="b">AL</subfield>
    <subfield code="c">Kannada Literature</subfield>
    <subfield code="d">2021-02-17</subfield>
    <subfield code="e">Biblios Book Point, Surathkal-575014</subfield>
    <subfield code="g">150.00</subfield>
    <subfield code="l">0</subfield>
    <subfield code="o">K894.8 VIVK</subfield>
    <subfield code="p">073973</subfield>
    <subfield code="r">2021-02-17 00:00:00</subfield>
    <subfield code="w">2021-02-17</subfield>
    <subfield code="y">BK</subfield>
  </datafield>
</record>
